Statistics for Spider-Man Villains

Click here to take the quiz!

General Stats

  • This quiz has been taken 6,364 times
    (6,358 since last reset)
  • The average score is 12 of 25

Answer Stats

Answer% Correct
Green Goblin
96%
Venom
92%
Dr Octopus
89%
Sandman
87%
Electro
79%
Rhino
77%
Lizard
75%
Carnage
70%
Vulture
70%
Mysterio
63%
Hobgoblin
61%
Kingpin
55%
Kraven The Hunter
52%
Scorpion
49%
Shocker
48%
Chameleon
30%
Hydro-Man
26%
Morbius
22%
Tombstone
19%
Jackal
14%
Molten Man
11%
The Enforcers
11%
Silvermane
6%
Will O' The Wisp
4%
Menace
2%

Score Distribution

Percentile by Number Answered

Percent of People with Each Score

Your Score History

You have not taken this quiz since the last reset